000 00391pab a2200145 454500
008 180718b1988 xxu||||| |||| 00| 0 eng d
100 _aKhalidi, Musa S
245 _aA typology of participants in organisations
_bThe case of cooperatives
260 _c1988
300 _a31-7
362 _aJun.
650 _aOrganisation
773 _aReview of International Cooperation
909 _a14511
999 _c14511
_d14511